Ezequiel Martínez Estrada /

Guardado en:
Autor Corporativo: Canal Encuentro.
Formato: Deslizar
Materias:
Etiquetas: Agregar Etiqueta
Sin Etiquetas, Sea el primero en etiquetar este registro!
LEADER 00893ngm a22002175g 4500
001 CEM.cems022895
008 130507b2008##################0###0#####d
005 20241126144018.0
245 1 0 |a Ezequiel Martínez Estrada /  |c Canal Encuentro. 
300 |a 28'. 
500 |a En soporte VHS, consultar en ventanilla. 
505 0 |a Ezequiel Martínez Estrada: biografía. Su admiración por Lugones. Radiografía de la Pampa. Sus ensayos sobre la realidad argentina. Su alineación con la revolución cubana. Muerte de Martínez Estrada. 
538 |a Soporte: VHS - Norma: Pal N - Color: Si - Grabación DRD 2008 - Hitachi=2940. 
110 2 |a Canal Encuentro. 
082 9 8 |/ ENC 
653 |a HISTORIA 
653 |a HISTORIA ARGENTINA 
653 |a MARTINEZ ESTRADA 
653 |a NIVEL PRIMARIO 
653 |a NIVEL SECUNDARIO 
859 |a CEMS  |b BIB. CEMS - Depto. Recursos Didacticos  |h 982  |i ENC  |k DRD  |p 1538.12  |t Ej.1